Educación cívica 3 /

Guardado en:
Autor Principal: Pasel, Susana
Otros Autores: Asborno, Susana
Formato: Libro
Publicado: Buenos Aires : Aique, 1995
Materias:
Etiquetas: Agregar Etiqueta
Sin Etiquetas, Sea el primero en etiquetar este registro!
LEADER 00980nam a22002295a 4500
001 CEM.cems016056
005 20110531111429.0
008 130507s1995##################000#0#####d
003 CEMS
020 |a 9507012796 
082 0 4 |a 320 
100 1 |a Pasel, Susana 
245 1 0 |a Educación cívica 3 /  |c Susana Pasel y Susana Asborno 
260 |a Buenos Aires :  |b Aique,  |c 1995 
300 |a 311 p. 
505 0 |a Población de la República Argentina -- Problemas de la población. Soluciones posibles -- Salud -- Vivienda -- Trabajo -- Educación y cultura -- La minoridad -- Defensa civil -- Socialización de los riesgos creados por la sociedad moderna -- Los partidos políticos -- Defensa de los derechos humanos -- Convivencia internacional 
653 |a Educación cívica 
653 |a Educación cívica-3ero. egb 
653 |a Derechos humanos 
653 |a Partidos políticos 
700 1 |a Asborno, Susana 
859 |a CEMS  |b BIB. CEMS - Agricultura  |h 320  |i P263-1  |p A18851.96  |t Ej.1  |v 3  |3 3